Ordeal in Algeria / (Record no. 1854)

MARC details
000 -LEADER
fixed length control field 01002nac a22003011i 4500
003 - CONTROL NUMBER IDENTIFIER
control field EG-ScBUE
005 - DATE AND TIME OF LATEST TRANSACTION
control field 20240715122448.0
008 - FIXED-LENGTH DATA ELEMENTS--GENERAL INFORMATION
fixed length control field 240715t1960 nju f bd 001 0 eng d
035 ## - SYSTEM CONTROL NUMBER
System control number (OCoLC)414411
040 ## - CATALOGING SOURCE
Original cataloging agency EG-ScBUE
Language of cataloging eng
Description conventions rda
Transcribing agency EG-ScBUE
Modifying agency EG-ScBUE
043 ## - GEOGRAPHIC AREA CODE
Geographic area code f-ae---
082 04 - DEWEY DECIMAL CLASSIFICATION NUMBER
Classification number 965.04
Item number BRA
Edition number 22
100 1# - MAIN ENTRY--PERSONAL NAME
Personal name Brace, Richard M.‏
Fuller form of name (Richard Munthe),‏
Dates associated with a name 1915-1977‏,
Relator term author.
245 10 - TITLE STATEMENT
Title Ordeal in Algeria /
Statement of responsibility, etc Richard and Joan Brace.
264 #1 - PUBLICATION, DISTRIBUTION, ETC. (IMPRINT)
Place of publication, distribution, etc Princeton, New Jersey :
Name of publisher, distributor, etc Van Nostrand Company,
Date of publication, distribution, etc [1960]
264 #4 - PUBLICATION, DISTRIBUTION, ETC. (IMPRINT)
Date of publication, distribution, etc c1960
300 ## - PHYSICAL DESCRIPTION
Extent 453 pages ;
Dimensions 24 cm
336 ## - CONTENT TYPE
Source rdacontent
Content type term text
Content type code txt
337 ## - MEDIA TYPE
Media type term unmediated
Source rdamedia
Media type code n
338 ## - CARRIER TYPE
Carrier type term volume
Carrier type code nc
Source rdacarrier
500 ## - GENERAL NOTE
General note Includes glossary.<br/>
504 ## - BIBLIOGRAPHY, ETC. NOTE
Bibliography, etc Includes bibliographical references and index.<br/>
651 #7 - SUBJECT ADDED ENTRY--GEOGRAPHIC NAME
Geographic name Algeria
General subdivision History
Chronological subdivision 1945-1962.
Source of heading or term BUEsh
655 ## - INDEX TERM--GENRE/FORM
Form subdivision Reading book
700 1# - ADDED ENTRY--PERSONAL NAME
Personal name Brace, Joan,
Dates associated with a name 1917-1995,
Relator term author.
942 ## - ADDED ENTRY ELEMENTS (KOHA)
Koha item type Book - Borrowing
Source of classification or shelving scheme Dewey Decimal Classification
Holdings
Withdrawn status Lost status Source of classification or shelving scheme Damaged status Not for loan Collection code Home library Current library Shelving location Date acquired Source of acquisition Total Checkouts Full call number Barcode Date last seen Date checked out Price effective from Koha item type
    Dewey Decimal Classification     Donation-Gift Central Library Central Library Second Floor 19/12/2006 Donation 3 965.04 BRA 000002463 15/07/2025 28/10/2013 19/12/2006 Book - Borrowing